Angielskie czasowniki - Statystyki

Ogólne statystyki
  • Ten quiz został rozwiązany 122 razy
  • Średni wynik to 16 z 20
Statystyki odpowiedzi
Czasownik
po Polsku
Czasownik
po Angielsku
% Poprawnych
lubić like
97%
grać play
97%
biegać run
97%
jeść eat
96%
mieć have
94%
śpiewać sing
94%
Iść go
93%
oglądać watch
91%
dawać give
90%
czytać read
90%
myśleć think
89%
wiedzieć know
80%
mówić talk
71%
łapać catch
70%
ciać cut
63%
rzucać throw
63%
organizować organize
61%
szukać look
58%
liczyć count
54%
zwiedzać explore
10%
Nie znaleziono quizów pasujących do podanych kryteriów
Rozkład punktacji
Procent ludzi z każdym wynikiem
Percentyl według liczby udzielonych odpowiedzi
Twoja historia wyników
Nie rozwiązałeś tego quizu